1587 1999 1070 1472 1024 1979 1040 1077 1560 1770 1601 1030 1953 1246 1032 1641 1320 1448 1969 1874 1803 1244 1244 1402 1044 1590 1045 1381 1270 1709 1221 1922 1990 1932 1290 1952 1657 1937 1517 1705 1510 1208 1915 1554 1217 1488 1613 1981 1779 1562 1717 1162 1710 1274 1437 1789 1274 1503 1587 1374 1320 1243 1271 1537 1134 1119 1613 1224 1381 1549 1478 1766 1335 1941 1326 1726 1176 1580 1191 1498 1215 1177 1900 1150 1900 1098 1037 1129 1133 1295 1384 1104 1990 1007 1801 1507 1122 1844 1085 BCNSPRNW ULIB Ver.6.0+V

เปลี่ยนเป็นภาษาไทย

Change to English
 แสดงรายละเอียดบรรณานุกรม
  กลับหน้าหลัก

Brief Record : Get Marc (ISO 2709) : E-mail record : QR code < ปิดหน้าต่าง
LEADER : 00000nam 2200000uu 4500
001    13399113688
003     ULIB
008    111215s||||||||th 000 0 tha d
020    ^a9786167243016
090    ^aนว.^bอ565ส 2553
100 0  อัมราน
245 00 สุดผืนทรายปรายแสงดาว/^cอัมราน
250    ^aพิมพ์ครั้งที่ 1
260    ^aกรุงเทพฯ :^bอักษรศาสตร์,^c2553
300    478 หน้า
710 1  อักษรศาสตร์
945    ^p289^l0^i028022
995    ทศพร
999 ^a ทศพร
รายการนี้ยังไม่มีแท็ก
คุณยังไม่ได้ล็อกอิน คุณสามารถมีกิจกรรมร่วมกับเว็บไซต์ได้ แต่ต้องล็อกอินก่อน ::
  ล็อกอิน

รายการสื่อสารสนเทศ

ลำดับที่ ประเภท เลขเรียก/บาร์โค้ด สถานที่ สถานะ
1. นวนิยาย
นวนิยาย
นว. อ565ส 2553 ฉ.1 
  Barcode: 028022
ห้องสมุดวิทยาเขตสวรรค์ประชารักษ์
►นวนิยาย
บนชั้น
  ขอยืม

BibComment


ยังไม่เคยถูกคอมเมนท์

คอมเมนท์ทรัพยากรรายการนี้
  คอมเมนท์: สุดผืนทรายปรายแสง..


 Copyright 2026. Bcnsprnw @Library